Logo BPK

Biblioteka

Politechniki Koszalińskiej

O dziedzictwie leśnym Polski i świata / (Rekord nr 33813)

Szczegóły MARC
000 -ETYKIETA REKORDU
podpole kontrolne o stałej długości 00657nam a2200217 i 4500
001 - NUMER KONTROLNY REKORDU
pole kontrolne bg
020 ## - MIĘDZYNARODOWY ZNORMALIZOWANY NUMER KSIĄŻKI - ISBN
ISBN 8300030727
040 ## - ŹRÓDŁO KATALOGOWANIA
Instytucja, która utworzyła rekord BPK
041 0# - KOD JĘZYKA
Kod języka tekstu pl
080 ## - UNIWERSALNA KLASYFIKACJA DZIESIĘTNA - UKD
UKD 630
920 ## - Międzynarodowy znormalizowany numer książki – ISBN
ISBN 83-00-03072-7
008 - POLE O STAŁEJ DŁUGOŚCI - DANE KONTROLNE
podpole kontrolne o stałej długości s pl f |000 0 pol
100 1# - NAZWA OSOBOWA
Nazwa osobowa MARSZAŁEK, Tadeusz
Daty związane z nazwą (1923- )
245 10 - TYTUŁ/ODPOWIEDZIALNOŚĆ
Tytuł O dziedzictwie leśnym Polski i świata /
Pozostałe elementy strefy tytułu i oznaczenia odpowiedzialności Tadeusz Marszałek.
260 ## - STREFA ADRESU WYDAWNICZEGO
Miejsce wydania Warszawa :
Nazwa wydawcy/dystrybutora Wydaw. SGGW [Szkoły Głównej Gospodarstwa Wiejskiego],
Data publikacji, dystrybucji/powstania dokumentu 1997.
300 ## - STREFA OPISU FIZYCZNEGO
Objętość 162 s., [20] s. tabl. kolor. :
Inne cechy fizyczne fot., mapy, wykr. ;
Rozmiary 24 cm.
504 ## - UWAGA DOTYCZĄCA BIBLIOGRAFII
Informacje o bibliografii Bibliogr. s. 161-162.
650 #9 - HASŁO PRZEDMIOTOWE W FORMIE NAZWY OGÓLNEJ LUB JEDNOSTKOWEJ
Nazwa ogólna lub geograficzna Las
Określnik ogólny ochrona
650 #9 - HASŁO PRZEDMIOTOWE W FORMIE NAZWY OGÓLNEJ LUB JEDNOSTKOWEJ
Nazwa ogólna lub geograficzna Leśnictwo
Określnik ogólny gospodarka
856 ## - LOKALIZACJA I DOSTĘP DO ELEKTRONICZNYCH DOKUMENTÓW ZDALNYCH
Link (URL) http://koha.tu.koszalin.pl/cgi-bin/koha/opac-detail.pl?biblionumber=33813
Tekst linku Katalog online BPK
942 ## - DODATKOWE ELEMENTY (KOHA)
Typ dokumentu Książka
Egzemplarze
Wycofany Status egzemplarza Uszkodzony Dostępność Lokalizacja stała Lokalizacja bieżąca Miejsce przechowywania Sygnatura Kod kreskowy Dział Typ dokumentu
      Tylko na miejscu Biblioteka Politechniki Koszalińskiej Biblioteka Politechniki Koszalińskiej Czytelnia BG 45401 01366983 630 Leśnictwo Książka
© 2023 Biblioteka Politechniki Koszalińskiej :: KOHA